000 00857nam a2200253 a 4500
003 OSt
005 20210818181723.0
008 110708s2007 sp a gr 000 jdspa
020 _a9788493538279
040 _bspa
041 _aspa
082 0 4 _a853.8
_bP667t
100 1 _aPirandello, Luigi,
_d1867-1936
245 1 3 _aLa tinaja
_cLuigi Pirandello ; traducción y adaptación de Elena Martínez ; ilustraciones de Carla Olivé
260 _aMadrid
_bGadir
_c2007
300 _a67 páginas
_bilustraciones en color
_c22 cm
490 0 _aEl bosque viejo
500 _aIncluye datos biográficos del autor
534 _pTítulo original:
_tLa giara
650 1 4 _aCuentos italianos
_ySiglo XIX
700 1 _aMartínez, Elena,
_etraductora
700 1 _aOlivé, Carla,
_eilustradora
942 _2ddc
_h853.8 P667t
_k853.8
_mP667t
999 _c12101
_d12101